[Event "GX Alekhine Open de Outono 2022"]
[Site "Lisboa, Portugal"]
[Date "2022.10.17"]
[Round "1.1"]
[White "Bravo, Ricardo Antonio Rod"]
[Black "Fernandes, Afonso Sampaio Da S"]
[Result "0-1"]
[WhiteElo "1472"]
[BlackElo "1904"]
[PlyCount "56"]
[EventDate "2022.??.??"]

1. d4 {[%emt 0:00:02]} d5 {[%emt 0:00:02]} 2. c4 {[%emt 0:00:09]} e6 {[%emt 0:
00:05]} 3. Nc3 {[%emt 0:00:18]} Nf6 {[%emt 0:00:03]} 4. Bg5 {[%emt 0:00:31]}
Be7 {[%emt 0:00:05]} 5. e3 {[%emt 0:00:31]} h6 {[%emt 0:00:06]} 6. Bh4 {
[%emt 0:00:07]} O-O {[%emt 0:00:58]} 7. Nf3 {[%emt 0:01:05]} Nbd7 {[%emt 0:01:
27]} 8. Bd3 {[%emt 0:01:38]} dxc4 {[%emt 0:05:02]} 9. Bxc4 {[%emt 0:00:24]} c5
{[%emt 0:00:02]} 10. O-O {[%emt 0:05:36]} cxd4 {[%emt 0:00:41]} 11. exd4 {
[%emt 0:06:47]} b6 {[%emt 0:04:06]} 12. Qe2 {[%emt 0:10:23]} Bb7 {[%emt 0:01:
43]} 13. Ba6 {[%emt 0:00:23]} Qc8 {[%emt 0:00:21]} 14. Bxb7 {[%emt 0:00:27]}
Qxb7 {[%emt 0:00:03]} 15. Ne5 {[%emt 0:02:23]} Rfd8 {[%emt 0:03:01]} 16. Rfd1 {
[%emt 0:06:22]} Rac8 {[%emt 0:14:30]} 17. Rd3 {[%emt 0:10:46]} Nb8 {[%emt 0:11:
46]} 18. Re1 {[%emt 0:05:50]} Nd5 {[%emt 0:05:02]} 19. Bxe7 {[%emt 0:11:07]}
Qxe7 {[%emt 0:03:00]} 20. Nxd5 {[%emt 0:14:52]} Rxd5 {[%emt 0:07:05]} 21. Rf3 {
[%emt 0:11:42]} Nc6 {[%emt 0:10:53]} 22. Rxf7 {[%emt 0:04:36]} Rxe5 {[%emt 0:
00:41]} 23. dxe5 {[%emt 0:03:14]} Qxf7 {[%emt 0:00:18]} 24. Rc1 {[%emt 0:00:19]
} Qf4 {[%emt 0:00:47]} 25. Rc2 {[%emt 0:01:11]} Qd4 {[%emt 0:02:37]} 26. h3 {
[%emt 0:00:46]} Qd5 {[%emt 0:01:03]} 27. b3 {[%emt 0:00:31]} Rd8 {[%emt 0:00:
08]} 28. Kh2 {[%emt 0:00:52]} Nd4 {[%emt 0:00:20]} 0-1

[Event "GX Alekhine Open de Outono 2022"]
[Site "Lisboa, Portugal"]
[Date "2022.10.17"]
[Round "1.2"]
[White "Morais, Vitor Mestre"]
[Black "Gasalho, Mario Da Conceicao "]
[Result "1/2-1/2"]
[WhiteElo "1802"]
[BlackElo "1423"]
[PlyCount "105"]
[EventDate "2022.??.??"]

1. Nf3 {[%emt 0:00:03]} d5 {[%emt 0:04:32]} 2. c4 {[%emt 0:00:14]} c6 {[%emt 0:
00:24]} 3. e3 {[%emt 0:00:13]} Bg4 {[%emt 0:01:35]} 4. Nc3 {[%emt 0:00:12]} Nf6
{[%emt 0:03:09]} 5. cxd5 {[%emt 0:00:08]} Nxd5 {[%emt 0:01:21]} 6. Bc4 {
[%emt 0:00:20]} e6 {[%emt 0:01:52]} 7. O-O {[%emt 0:00:36]} Be7 {[%emt 0:02:37]
} 8. d4 {[%emt 0:00:14]} c5 {[%emt 0:04:57]} 9. dxc5 {[%emt 0:02:36]} Nxc3 {
[%emt 0:00:19]} 10. bxc3 {[%emt 0:00:52]} Qxd1 {[%emt 0:05:54]} 11. Rxd1 {
[%emt 0:00:09]} Bxf3 {[%emt 0:02:40]} 12. gxf3 {[%emt 0:00:14]} Bxc5 {[%emt 0:
00:41]} 13. Bb5+ {[%emt 0:01:05]} Nc6 {[%emt 0:00:28]} 14. c4 {[%emt 0:01:02]}
O-O {[%emt 0:05:29]} 15. Bb2 {[%emt 0:00:12]} Rac8 {[%emt 0:02:51]} 16. Rac1 {
[%emt 0:01:46]} Rfd8 {[%emt 0:04:05]} 17. Bxc6 {[%emt 0:02:04]} bxc6 {[%emt 0:
04:05]} 18. Kf1 {[%emt 0:00:21]} Kf8 {[%emt 0:07:01]} 19. Ke2 {[%emt 0:00:16]}
f6 {[%emt 0:02:59]} 20. f4 {[%emt 0:00:29]} Ke8 {[%emt 0:00:58]} 21. Bc3 {
[%emt 0:04:05]} Rxd1 {[%emt 0:04:10]} 22. Rxd1 {[%emt 0:00:12]} Rd8 {[%emt 0:
00:17]} 23. Rb1 {[%emt 0:00:23]} Bb6 {[%emt 0:00:23]} 24. a4 {[%emt 0:01:44]}
Rb8 {[%emt 0:03:36]} 25. Bd4 {[%emt 0:01:41]} Bc7 {[%emt 0:00:25]} 26. Rg1 {
[%emt 0:00:16]} Kf7 {[%emt 0:00:47]} 27. Ra1 {[%emt 0:09:16]} a6 {[%emt 0:05:
44]} 28. Ra2 {[%emt 0:05:03]} e5 {[%emt 0:08:16]} 29. fxe5 {[%emt 0:00:11]}
Bxe5 {[%emt 0:00:28]} 30. Bxe5 {[%emt 0:06:50]} fxe5 {[%emt 0:00:14]} 31. Kd3 {
[%emt 0:01:03]} Ke6 {[%emt 0:01:50]} 32. Kc3 {[%emt 0:00:37]} a5 {[%emt 0:03:
02]} 33. f4 {[%emt 0:05:02]} exf4 {[%emt 0:01:41]} 34. exf4 {[%emt 0:00:05]} g6
{[%emt 0:06:05]} 35. Re2+ {[%emt 0:01:50]} Kd6 {[%emt 0:00:31]} 36. Re5 {
[%emt 0:02:14]} c5 {[%emt 0:00:45]} 37. Rd5+ {[%emt 0:00:13]} Kc6 {[%emt 0:00:
13]} 38. f5 {[%emt 0:00:09]} gxf5 {[%emt 0:00:50]} 39. Rxf5 {[%emt 0:00:10]}
Rb4 {[%emt 0:05:04]} 40. Rf6+ {[%emt 0:00:41]} Kd7 {[%emt 0:00:54]} 41. Rf7+ {
[%emt 0:00:13]} Ke6 {[%emt 0:00:02]} 42. Rxh7 {[%emt 0:00:26]} Rxa4 {[%emt 0:
00:10]} 43. h4 {[%emt 0:01:02]} Ra3+ {[%emt 0:00:56]} 44. Kb2 {[%emt 0:01:01]}
Rh3 {[%emt 0:00:18]} 45. h5 {[%emt 0:00:37]} Ke5 {[%emt 0:01:56]} 46. h6 {
[%emt 0:00:38]} Kd4 {[%emt 0:00:09]} 47. Rd7+ {[%emt 0:00:36]} Kxc4 {[%emt 0:
00:23]} 48. h7 {[%emt 0:00:10]} a4 {[%emt 0:00:53]} 49. Ra7 {[%emt 0:04:48]}
Kb4 {[%emt 0:00:55]} 50. Rb7+ {[%emt 0:00:54]} Kc4 {[%emt 0:00:10]} 51. Ra7 {
[%emt 0:00:33]} Kb4 {[%emt 0:00:07]} 52. Rb7+ {[%emt 0:00:09]} Kc4 {[%emt 0:00:
44]} 53. Ra7 {[%emt 0:00:26]} 1/2-1/2

[Event "GX Alekhine Open de Outono 2022"]
[Site "Lisboa, Portugal"]
[Date "2022.10.17"]
[Round "1.3"]
[White "Santos, Amadeu Solha"]
[Black "Reis, Luis Simoes Dos"]
[Result "0-1"]
[WhiteElo "1422"]
[BlackElo "1784"]
[PlyCount "50"]
[EventDate "2022.??.??"]

1. d4 {[%emt 0:00:03]} d6 {[%emt 0:01:53]} 2. Bf4 {[%emt 0:01:03]} g6 {[%emt 0:
01:42]} 3. e3 {[%emt 0:00:37]} Bg7 {[%emt 0:00:29]} 4. h3 {[%emt 0:00:42]} b6 {
[%emt 0:03:24]} 5. Bb5+ {[%emt 0:01:38]} c6 {[%emt 0:00:55]} 6. Ba4 {[%emt 0:
00:52]} Nf6 {[%emt 0:02:58]} 7. Nc3 {[%emt 0:02:05]} O-O {[%emt 0:05:36]} 8.
Qf3 {[%emt 0:04:44]} d5 {[%emt 0:07:54]} 9. O-O-O {[%emt 0:01:01]} b5 {[%emt 0:
08:40]} 10. Bb3 {[%emt 0:00:40]} Nbd7 {[%emt 0:02:51]} 11. e4 {[%emt 0:03:01]}
b4 {[%emt 0:02:12]} 12. Na4 {[%emt 0:05:37]} Nxe4 {[%emt 0:00:30]} 13. Ne2 {
[%emt 0:02:24]} Ba6 {[%emt 0:12:02]} 14. c3 {[%emt 0:07:45]} Bxe2 {[%emt 0:10:
28]} 15. Qxe2 {[%emt 0:02:44]} bxc3 {[%emt 0:03:06]} 16. bxc3 {[%emt 0:01:46]}
Qa5 {[%emt 0:05:20]} 17. Qc2 {[%emt 0:03:16]} e5 {[%emt 0:01:41]} 18. dxe5 {
[%emt 0:02:58]} Nxe5 {[%emt 0:00:49]} 19. f3 {[%emt 0:02:18]} Nd6 {[%emt 0:01:
38]} 20. Rhe1 {[%emt 0:04:05]} Rfe8 {[%emt 0:01:32]} 21. Re2 {[%emt 0:02:43]}
Qb5 {[%emt 0:03:41]} 22. Nb2 {[%emt 0:01:53]} Nec4 {[%emt 0:03:06]} 23. Qd3 {
[%emt 0:07:43]} Nxb2 {[%emt 0:03:04]} 24. Qxb5 {[%emt 0:00:23]} Nxb5 {[%emt 0:
00:08]} 25. Rxb2 {[%emt 0:00:18]} Nxc3 {[%emt 0:00:51]} 0-1

[Event "GX Alekhine Open de Outono 2022"]
[Site "Lisboa, Portugal"]
[Date "2022.10.17"]
[Round "1.4"]
[White "Dias, Antonio Alberto"]
[Black "Lanca, Luis Fernando David"]
[Result "0-1"]
[WhiteElo "1727"]
[BlackElo "1391"]
[PlyCount "116"]
[EventDate "2022.??.??"]

1. c4 {[%emt 0:00:07]} e5 {[%emt 0:00:56]} 2. g3 {[%emt 0:00:33]} Nf6 {[%emt 0:
02:01]} 3. Bg2 {[%emt 0:00:29]} Nc6 {[%emt 0:00:31]} 4. Nc3 {[%emt 0:01:57]}
Bc5 {[%emt 0:03:46]} 5. e3 {[%emt 0:03:45]} O-O {[%emt 0:04:08]} 6. Nge2 {
[%emt 0:00:28]} Re8 {[%emt 0:01:43]} 7. a3 {[%emt 0:01:37]} a5 {[%emt 0:04:58]}
8. O-O {[%emt 0:02:49]} Bf8 {[%emt 0:11:02]} 9. d4 {[%emt 0:00:21]} exd4 {
[%emt 0:00:37]} 10. exd4 {[%emt 0:01:15]} d6 {[%emt 0:00:40]} 11. Qd3 {[%emt 0:
03:46]} g6 {[%emt 0:02:12]} 12. Bg5 {[%emt 0:01:15]} h6 {[%emt 0:00:11]} 13.
Bf4 {[%emt 0:03:20]} Bf5 {[%emt 0:00:21]} 14. Qd1 {[%emt 0:00:51]} Bg7 {
[%emt 0:10:53]} 15. Rc1 {[%emt 0:03:36]} g5 {[%emt 0:04:13]} 16. Be3 {[%emt 0:
00:48]} Qd7 {[%emt 0:04:32]} 17. Re1 {[%emt 0:04:33]} Ng4 {[%emt 0:03:00]} 18.
Qd2 {[%emt 0:00:09]} Re7 {[%emt 0:06:29]} 19. Rcd1 {[%emt 0:00:06]} Rae8 {
[%emt 0:00:50]} 20. Nc1 {[%emt 0:00:11]} Nxe3 {[%emt 0:00:25]} 21. fxe3 {
[%emt 0:00:12]} Bg4 {[%emt 0:00:10]} 22. Nd5 {[%emt 0:00:20]} Bxd1 {[%emt 0:11:
41]} 23. Nxe7+ {[%emt 0:00:11]} Qxe7 {[%emt 0:02:00]} 24. Bxc6 {[%emt 0:00:18]}
bxc6 {[%emt 0:04:58]} 25. Qxd1 {[%emt 0:01:12]} Rb8 {[%emt 0:01:25]} 26. Qd2 {
[%emt 0:02:43]} Qe4 {[%emt 0:03:54]} 27. Ne2 {[%emt 0:01:09]} Re8 {[%emt 0:01:
39]} 28. Nc3 {[%emt 0:00:30]} Qg4 {[%emt 0:02:32]} 29. Kg2 {[%emt 0:01:40]} Qe6
{[%emt 0:01:24]} 30. e4 {[%emt 0:01:15]} Qxc4 {[%emt 0:00:40]} 31. Rd1 {
[%emt 0:00:35]} c5 {[%emt 0:00:57]} 32. e5 {[%emt 0:03:40]} cxd4 {[%emt 0:01:
21]} 33. Qxd4 {[%emt 0:01:00]} Qxd4 {[%emt 0:00:13]} 34. Rxd4 {[%emt 0:00:05]}
Bxe5 {[%emt 0:00:09]} 35. Re4 {[%emt 0:00:37]} f5 {[%emt 0:01:10]} 36. Re2 {
[%emt 0:00:16]} Rb8 {[%emt 0:00:26]} 37. Nd1 {[%emt 0:00:13]} Kf7 {[%emt 0:00:
28]} 38. Rc2 {[%emt 0:00:45]} c5 {[%emt 0:00:28]} 39. Kf2 {[%emt 0:01:23]} Rb3
{[%emt 0:01:40]} 40. Ke2 {[%emt 0:01:04]} f4 {[%emt 0:00:50]} 41. gxf4 {
[%emt 0:00:25]} Bxf4 {[%emt 0:00:18]} 42. Nf2 {[%emt 0:00:55]} h5 {[%emt 0:01:
46]} 43. h3 {[%emt 0:00:36]} Ke6 {[%emt 0:01:38]} 44. Nd3 {[%emt 0:02:05]} Kd5
{[%emt 0:01:58]} 45. h4 {[%emt 0:00:21]} Kd4 {[%emt 0:00:46]} 46. Nxf4 {
[%emt 0:00:42]} gxf4 {[%emt 0:00:07]} 47. Rd2+ {[%emt 0:00:13]} Ke5 {[%emt 0:
00:05]} 48. Kf1 {[%emt 0:00:19]} Rh3 {[%emt 0:00:10]} 49. Re2+ {[%emt 0:00:06]}
Re3 {[%emt 0:00:41]} 50. Rg2 {[%emt 0:00:22]} Kd4 {[%emt 0:00:52]} 51. Rg5 {
[%emt 0:00:15]} Re5 {[%emt 0:00:07]} 52. Rg6 {[%emt 0:00:01]} d5 {[%emt 0:00:
23]} 53. Ra6 {[%emt 0:00:06]} Ke3 {[%emt 0:01:12]} 54. Rxa5 {[%emt 0:00:21]} d4
{[%emt 0:00:06]} 55. Ra8 {[%emt 0:03:08]} f3 {[%emt 0:02:17]} 56. Rf8 {[%emt 0:
00:18]} d3 {[%emt 0:00:28]} 57. Ke1 {[%emt 0:00:02]} Re4 {[%emt 0:01:09]} 58.
b3 {[%emt 0:00:20]} Rxh4 {[%emt 0:00:27]} 0-1

[Event "GX Alekhine Open de Outono 2022"]
[Site "Lisboa, Portugal"]
[Date "????.??.??"]
[Round "3.1"]
[White "Costa, Guilherme Henriques"]
[Black "Fernandes, Afonso Sampaio Da S"]
[Result "1-0"]
[WhiteElo "1617"]
[BlackElo "1904"]
[PlyCount "29"]

1. e4 {[%emt 0:00:02]} e6 {[%emt 0:00:54]} 2. d4 {[%emt 0:00:17]} d5 {[%emt 0:
00:02]} 3. e5 {[%emt 0:00:14]} c5 {[%emt 0:00:03]} 4. c3 {[%emt 0:00:21]} Qb6 {
[%emt 0:00:01]} 5. Nf3 {[%emt 0:00:17]} Nc6 {[%emt 0:00:20]} 6. Na3 {[%emt 0:
00:46]} cxd4 {[%emt 0:02:20]} 7. cxd4 {[%emt 0:00:13]} Bb4+ {[%emt 0:00:09]} 8.
Bd2 {[%emt 0:01:29]} Nxd4 {[%emt 0:01:07]} 9. Nxd4 {[%emt 0:00:25]} Bxa3 {
[%emt 0:00:32]} 10. Bb5+ {[%emt 0:03:08]} Bd7 {[%emt 0:07:10]} 11. Bxd7+ {
[%emt 0:00:54]} Kxd7 {[%emt 0:00:01]} 12. Qa4+ {[%emt 0:00:20]} Kd8 {[%emt 0:
00:02]} 13. Ba5 {[%emt 0:00:28]} Bc5 {[%emt 0:00:56]} 14. Bxb6+ {[%emt 0:00:49]
} Bxb6 {[%emt 0:00:12]} 15. O-O {[%emt 0:00:29]} 1-0

[Event "GX Alekhine Open de Outono 2022"]
[Site "Lisboa, Portugal"]
[Date "????.??.??"]
[Round "3.4"]
[White "Lanca, Luis Fernando David"]
[Black "Nunes, Adelino Victor"]
[Result "1-0"]
[WhiteElo "1391"]
[BlackElo "1434"]
[PlyCount "39"]

1. d4 {[%emt 0:00:41]} d5 {[%emt 0:01:04]} 2. c4 {[%emt 0:00:04]} dxc4 {
[%emt 0:00:33]} 3. e4 {[%emt 0:00:22]} e6 {[%emt 0:00:49]} 4. Bxc4 {[%emt 0:00:
56]} Bb4+ {[%emt 0:00:28]} 5. Nc3 {[%emt 0:03:44]} Ne7 {[%emt 0:00:47]} 6. Nf3
{[%emt 0:01:33]} Bxc3+ {[%emt 0:00:47]} 7. bxc3 {[%emt 0:00:09]} O-O {[%emt 0:
00:29]} 8. O-O {[%emt 0:00:30]} a6 {[%emt 0:00:26]} 9. a4 {[%emt 0:00:56]} c6 {
[%emt 0:00:32]} 10. Bg5 {[%emt 0:00:52]} h6 {[%emt 0:00:29]} 11. Bh4 {[%emt 0:
00:09]} Re8 {[%emt 0:00:25]} 12. Ne5 {[%emt 0:26:27]} Nd7 {[%emt 0:02:18]} 13.
Nd3 {[%emt 0:15:24]} Qa5 {[%emt 0:01:04]} 14. Qc2 {[%emt 0:05:36]} Ng6 {
[%emt 0:04:53]} 15. Bg3 {[%emt 0:00:09]} Nf6 {[%emt 0:00:31]} 16. Ne5 {[%emt 0:
04:21]} Nh5 {[%emt 0:04:15]} 17. Nxg6 {[%emt 0:00:34]} Nxg3 {[%emt 0:00:12]}
18. fxg3 {[%emt 0:00:11]} fxg6 {[%emt 0:00:18]} 19. e5 {[%emt 0:00:13]} g5 {
[%emt 0:01:54]} 20. Qg6 {[%emt 0:12:08]} 1-0

[Event "GX Alekhine Open de Outono 2022"]
[Site "Lisboa, Portugal"]
[Date "????.??.??"]
[Round "4.1"]
[White "Reis, Luis Simoes Dos"]
[Black "Silva, Lourenco Santa Clar"]
[Result "1-0"]
[WhiteElo "1784"]
[BlackElo "1647"]
[PlyCount "108"]

1. e4 {[%emt 0:01:02]} c5 {[%emt 0:00:16]} 2. Nf3 {[%emt 0:00:29]} d6 {[%emt 0:
00:07]} 3. Bb5+ {[%emt 0:00:23]} Bd7 {[%emt 0:00:07]} 4. Bxd7+ {[%emt 0:00:08]}
Qxd7 {[%emt 0:00:05]} 5. O-O {[%emt 0:00:35]} Nc6 {[%emt 0:00:18]} 6. c3 {
[%emt 0:00:16]} Nf6 {[%emt 0:00:07]} 7. d4 {[%emt 0:00:13]} cxd4 {[%emt 0:06:
39]} 8. cxd4 {[%emt 0:00:12]} e6 {[%emt 0:00:28]} 9. d5 {[%emt 0:07:02]} Ne5 {
[%emt 0:03:27]} 10. dxe6 {[%emt 0:01:30]} Nxf3+ {[%emt 0:00:36]} 11. Qxf3 {
[%emt 0:00:21]} fxe6 {[%emt 0:02:56]} 12. Nc3 {[%emt 0:06:20]} Be7 {[%emt 0:01:
51]} 13. Be3 {[%emt 0:24:21]} O-O {[%emt 0:02:19]} 14. Qe2 {[%emt 0:00:20]} a6
{[%emt 0:03:26]} 15. Rfd1 {[%emt 0:00:49]} Ne8 {[%emt 0:04:21]} 16. a4 {
[%emt 0:04:03]} Bf6 {[%emt 0:08:40]} 17. Qd2 {[%emt 0:04:35]} Rc8 {[%emt 0:03:
32]} 18. Bd4 {[%emt 0:03:00]} Bxd4 {[%emt 0:05:16]} 19. Qxd4 {[%emt 0:00:06]}
Qc6 {[%emt 0:03:50]} 20. Rac1 {[%emt 0:09:58]} Qc5 {[%emt 0:02:29]} 21. Ne2 {
[%emt 0:04:26]} Qxd4 {[%emt 0:00:33]} 22. Nxd4 {[%emt 0:00:14]} Nf6 {[%emt 0:
15:25]} 23. f3 {[%emt 0:06:16]} Kf7 {[%emt 0:00:25]} 24. Kf2 {[%emt 0:10:37]}
Ke7 {[%emt 0:00:55]} 25. Kg1 {[%emt 0:01:52]} Nd7 {[%emt 0:00:58]} 26. b4 {
[%emt 0:01:06]} Nb6 {[%emt 0:01:23]} 27. a5 {[%emt 0:00:29]} Nc4 {[%emt 0:00:
24]} 28. b5 {[%emt 0:01:34]} axb5 {[%emt 0:02:30]} 29. Nxb5 {[%emt 0:00:13]}
Nxa5 {[%emt 0:00:22]} 30. Rxc8 {[%emt 0:01:16]} Rxc8 {[%emt 0:00:06]} 31. Nxd6
{[%emt 0:00:14]} Rd8 {[%emt 0:00:41]} 32. Ra1 {[%emt 0:01:42]} Nb3 {[%emt 0:03:
51]} 33. Ra3 {[%emt 0:00:06]} Kxd6 {[%emt 0:00:22]} 34. Rxb3 {[%emt 0:00:08]}
Rd7 {[%emt 0:02:20]} 35. Rb6+ {[%emt 0:00:59]} Kc5 {[%emt 0:00:31]} 36. Rxe6 {
[%emt 0:00:23]} b5 {[%emt 0:00:10]} 37. Re8 {[%emt 0:03:44]} Rc7 {[%emt 0:02:
39]} 38. Rb8 {[%emt 0:00:02]} Kc4 {[%emt 0:00:08]} 39. Kf2 {[%emt 0:00:59]} b4
{[%emt 0:01:24]} 40. Ke2 {[%emt 0:00:06]} Rd7 {[%emt 0:01:19]} 41. e5 {[%emt 0:
00:24]} Kc3 {[%emt 0:01:56]} 42. f4 {[%emt 0:00:24]} b3 {[%emt 0:05:15]} 43. g4
{[%emt 0:01:21]} Kc2 {[%emt 0:02:23]} 44. Ke3 {[%emt 0:00:58]} Rc7 {[%emt 0:00:
16]} 45. e6 {[%emt 0:00:19]} b2 {[%emt 0:13:25]} 46. Kd4 {[%emt 0:00:24]} b1=Q
{[%emt 0:01:01]} 47. Rxb1 {[%emt 0:00:06]} Kxb1 {[%emt 0:00:33]} 48. Kd5 {
[%emt 0:00:11]} Kc2 {[%emt 0:00:39]} 49. Kd6 {[%emt 0:00:27]} Rc3 {[%emt 0:01:
39]} 50. e7 {[%emt 0:01:01]} Re3 {[%emt 0:00:26]} 51. f5 {[%emt 0:00:37]} Kd3 {
[%emt 0:00:45]} 52. g5 {[%emt 0:00:07]} Rxe7 {[%emt 0:00:30]} 53. Kxe7 {
[%emt 0:00:06]} Ke4 {[%emt 0:00:02]} 54. f6 {[%emt 0:00:18]} Kd5 {[%emt 0:01:
08]} 1-0

[Event "GX Alekhine Open de Outono 2022"]
[Site "Lisboa, Portugal"]
[Date "????.??.??"]
[Round "4.2"]
[White "Aguiar, Carlos Alberto Bran"]
[Black "Costa, Guilherme Henriques"]
[Result "1/2-1/2"]
[WhiteElo "1724"]
[BlackElo "1617"]
[PlyCount "90"]

1. Nf3 {[%emt 0:00:03]} d5 {[%emt 0:00:11]} 2. d4 {[%emt 0:00:13]} c5 {[%emt 0:
00:17]} 3. c3 {[%emt 0:00:50]} e6 {[%emt 0:01:30]} 4. Bf4 {[%emt 0:01:28]} Nf6
{[%emt 0:00:29]} 5. h3 {[%emt 0:00:13]} Nc6 {[%emt 0:00:33]} 6. e3 {[%emt 0:00:
27]} Be7 {[%emt 0:00:51]} 7. Bd3 {[%emt 0:00:17]} Bd7 {[%emt 0:02:29]} 8. O-O {
[%emt 0:00:13]} O-O {[%emt 0:00:15]} 9. Nbd2 {[%emt 0:00:12]} c4 {[%emt 0:02:
06]} 10. Bc2 {[%emt 0:00:12]} b5 {[%emt 0:00:13]} 11. Re1 {[%emt 0:00:49]} b4 {
[%emt 0:05:26]} 12. Rc1 {[%emt 0:00:23]} bxc3 {[%emt 0:04:20]} 13. bxc3 {
[%emt 0:00:07]} Qa5 {[%emt 0:00:24]} 14. Bg5 {[%emt 0:04:35]} Rab8 {[%emt 0:17:
06]} 15. Bxf6 {[%emt 0:00:32]} Bxf6 {[%emt 0:00:22]} 16. e4 {[%emt 0:01:50]}
Rb2 {[%emt 0:13:54]} 17. exd5 {[%emt 0:15:15]} exd5 {[%emt 0:03:25]} 18. Ne5
Nxe5 {[%emt 0:09:25]} 19. dxe5 {[%emt 0:00:03]} Bg5 {[%emt 0:00:13]} 20. Rb1 {
[%emt 0:08:10]} Qxc3 {[%emt 0:03:16]} 21. Rxb2 {[%emt 0:03:19]} Qxb2 {[%emt 0:
00:09]} 22. Nf3 {[%emt 0:01:32]} Bd8 {[%emt 0:04:20]} 23. Re2 {[%emt 0:00:53]}
Qb7 {[%emt 0:01:09]} 24. Rd2 {[%emt 0:01:33]} Bc6 {[%emt 0:02:09]} 25. Nd4 {
[%emt 0:00:27]} Ba5 {[%emt 0:04:13]} 26. Re2 {[%emt 0:00:29]} Bb6 {[%emt 0:01:
57]} 27. Nf5 {[%emt 0:01:00]} Qd7 {[%emt 0:05:21]} 28. Nd4 {[%emt 0:03:22]} g6
{[%emt 0:02:46]} 29. Kh1 {[%emt 0:00:40]} Re8 {[%emt 0:01:18]} 30. Nxc6 {
[%emt 0:00:16]} Qxc6 {[%emt 0:00:20]} 31. Ba4 Qe6 {[%emt 0:02:22]} 32. Bxe8 {
[%emt 0:00:35]} Qxe8 {[%emt 0:00:03]} 33. Qxd5 {[%emt 0:00:24]} c3 {[%emt 0:07:
13]} 34. e6 {[%emt 0:03:49]} fxe6 {[%emt 0:01:07]} 35. Rxe6 {[%emt 0:06:14]}
Qf7 {[%emt 0:00:37]} 36. Re8+ {[%emt 0:01:17]} Kg7 {[%emt 0:00:11]} 37. Qe5+ {
[%emt 0:00:29]} Kh6 {[%emt 0:00:59]} 38. f4 {[%emt 0:05:41]} c2 {[%emt 0:06:17]
} 39. Rc8 {[%emt 0:08:34]} Qd7 {[%emt 0:00:20]} 40. Qc3 {[%emt 0:05:59]} Qd1+ {
[%emt 0:01:39]} 41. Kh2 {[%emt 0:00:01]} Qg1+ {[%emt 0:00:22]} 42. Kg3 {
[%emt 0:00:13]} Qf2+ {[%emt 0:01:01]} 43. Kh2 {[%emt 0:00:42]} Qg1+ {[%emt 0:
01:08]} 44. Kg3 {[%emt 0:00:17]} Qf2+ {[%emt 0:01:00]} 45. Kh2 {[%emt 0:00:07]}
Qg1+ {[%emt 0:00:56] Kxg1 Bf2+} 1/2-1/2

[Event "GX Alekhine Open de Outono 2022"]
[Site "Lisboa, Portugal"]
[Date "????.??.??"]
[Round "4.3"]
[White "Curado, Manuel Joao Ferro"]
[Black "Lanca, Luis Fernando David"]
[Result "1-0"]
[WhiteElo "1715"]
[BlackElo "1391"]
[PlyCount "91"]

1. e4 {[%emt 0:00:02]} e5 {[%emt 0:01:22]} 2. Nf3 {[%emt 0:00:09]} Nc6 {
[%emt 0:00:20]} 3. Bc4 {[%emt 0:00:07]} Bc5 {[%emt 0:00:34]} 4. c3 {[%emt 0:01:
26]} Nf6 {[%emt 0:00:50]} 5. O-O {[%emt 0:00:43]} d6 {[%emt 0:31:34]} 6. d4 {
[%emt 0:01:36]} exd4 {[%emt 0:04:54]} 7. cxd4 {[%emt 0:00:03]} Bb6 {[%emt 0:00:
20]} 8. Nc3 {[%emt 0:04:32]} h6 {[%emt 0:01:15]} 9. h3 {[%emt 0:10:50]} O-O {
[%emt 0:00:29]} 10. a3 {[%emt 0:01:37]} Nxe4 {[%emt 0:07:01]} 11. Bxf7+ {
[%emt 0:06:54]} Rxf7 {[%emt 0:01:02]} 12. Nxe4 {[%emt 0:00:03]} Bf5 {[%emt 0:
13:54]} 13. Ng3 {[%emt 0:02:09]} Qf6 {[%emt 0:01:13]} 14. Nxf5 {[%emt 0:01:57]}
Qxf5 {[%emt 0:00:24]} 15. Be3 {[%emt 0:01:31]} Ne7 {[%emt 0:04:47]} 16. Rc1 {
[%emt 0:04:06]} Nd5 {[%emt 0:02:39]} 17. Nh4 {[%emt 0:17:31]} Qe4 {[%emt 0:02:
12]} 18. Qg4 {[%emt 0:02:36]} Qxg4 {[%emt 0:03:21]} 19. hxg4 {[%emt 0:00:03]}
Nxe3 {[%emt 0:01:13]} 20. fxe3 {[%emt 0:00:04]} Rxf1+ {[%emt 0:00:10]} 21. Rxf1
{[%emt 0:00:16]} Re8 {[%emt 0:00:02]} 22. Rf3 {[%emt 0:06:26]} Re4 {[%emt 0:03:
19]} 23. Nf5 {[%emt 0:03:48]} Rxg4 {[%emt 0:03:00]} 24. Ne7+ {[%emt 0:00:42]}
Kh7 {[%emt 0:00:04]} 25. Nd5 {[%emt 0:05:46]} Kg8 {[%emt 0:06:39]} 26. Ne7+ {
[%emt 0:03:16]} Kh7 {[%emt 0:00:02]} 27. Nd5 {[%emt 0:02:06]} Rg5 {[%emt 0:00:
55]} 28. Nxb6 {[%emt 0:01:10]} axb6 {[%emt 0:00:02]} 29. Rf7 {[%emt 0:01:02]}
c5 {[%emt 0:00:27]} 30. Rxb7 {[%emt 0:01:57]} cxd4 {[%emt 0:01:37]} 31. Rxb6 {
[%emt 0:04:00]} dxe3 {[%emt 0:01:50]} 32. Rxd6 {[%emt 0:02:20]} Re5 {[%emt 0:
00:04]} 33. Kf1 {[%emt 0:01:06]} h5 {[%emt 0:01:23]} 34. Ke2 {[%emt 0:02:45]}
Kg8 {[%emt 0:04:46]} 35. Rd3 {[%emt 0:01:15]} Rg5 {[%emt 0:01:28]} 36. Kf3 {
[%emt 0:01:10]} e2 {[%emt 0:01:52]} 37. Re3 {[%emt 0:00:31]} Rf5+ {[%emt 0:00:
03]} 38. Kxe2 {[%emt 0:00:26]} Kf7 {[%emt 0:00:15]} 39. Rf3 {[%emt 0:00:28]}
Ke6 {[%emt 0:00:19]} 40. Rxf5 {[%emt 0:00:23]} Kxf5 {[%emt 0:00:01]} 41. Kf3 {
[%emt 0:00:49]} g5 {[%emt 0:00:11]} 42. a4 {[%emt 0:00:18]} h4 {[%emt 0:00:05]}
43. a5 {[%emt 0:00:27]} g4+ {[%emt 0:00:04]} 44. Kf2 {[%emt 0:00:24]} h3 {
[%emt 0:00:03]} 45. gxh3 {[%emt 0:00:17]} gxh3 {[%emt 0:00:03]} 46. a6 {
[%emt 0:00:38]} 1-0